U.S. State Capitals Furthest from the State Border - Statistics

General Stats
  • This quiz has been taken 18,023 times
  • The average score is 6 of 10
Answer Stats
miles capital km % Correct
125 Austin 201
89%
86 Denver 139
72%
116 Phoenix 187
69%
109 Helena 176
65%
90 Santa Fe 145
55%
95 Pierre 153
53%
99 Oklahoma City 159
52%
85 Jefferson City 137
35%
82 Columbus 132
33%
91 Little Rock 147
30%
No matching quizzes found
Score Distribution
Percent of People with Each Score
Percentile by Number Answered
Your Score History
You have not taken this quiz